Když chceme efektivně komunikovat

Veľtrhy a výstavy patria do podlinkových aktivít, do podpory predaja, časti event marketing. Veľtrhy - tradičný marketingový nástroj s novými výzvami.

Na minha lista:
Detalhes bibliográficos
Autor principal: Hrubalová, Monika
Formato: Capítulo de Livro
Idioma:tcheco
Assuntos:
Tags: Adicionar Tag
Sem tags, seja o primeiro a adicionar uma tag!

MARC

LEADER 00000naa a2200000 4500
001 0128881
005 20231115065406.0
041 0 |a cze 
044 |a CZ 
245 1 0 |a Když chceme efektivně komunikovat  |c Monika Hrubalová 
520 |a Veľtrhy a výstavy patria do podlinkových aktivít, do podpory predaja, časti event marketing. Veľtrhy - tradičný marketingový nástroj s novými výzvami. 
610 2 0 |a nástroje marketingové 
610 2 0 |a veľtrhy 
610 2 0 |a výstavy 
100 1 |a Hrubalová, Monika